• 首页
  • 本馆介绍
  • 公告通知
  • 最新文献
  • 馆藏检索
  • 电子资源
  • 读者导购
  • 参考咨询
  • 我的图书馆
  • 登录
  • 详细信息显示
  • 放入我的书架
  • 预约/预借图书
  • 作者相关作品
  • 分类相关作品
  • 丛书相关作品
  • 出版社相关作品

书目信息

  • 表格格式
  • 工作单格式
  • 卡片格式
题名:
雕刻神工技艺
    
 
作者: 孙常福 主编
分册:  
出版信息: 汕头   汕头大学出版社  2016
页数: 122页
开本: 23cm
丛书名: 辉煌书画艺术
单 册:
中图分类: J321
科图分类:
主题词: 雕刻--diao ke--介绍--中国--古代
电子资源:
ISBN: 978-7-5658-2341-1
000 00964nam 2200253 450
001 2365985466
005 20231109152750.46
010    @a978-7-5658-2341-1@dCNY32.00
100    @a20170329d2017 em y0chiy50 ea
101 0  @achi
102    @aCN@b440000
105    @aa z 000yy
200 1  @a雕刻神工技艺@Adiao ke shen gong ji yi@f孙常福主编
210    @a汕头@c汕头大学出版社@d2016
215    @a122页@c彩图@d23cm
225 2  @a辉煌书画艺术@Ahui huang shu hua yi shu
300    @a中华复兴之光
330    @a本书主要介绍我国的竹木骨牙角匏与工艺。包括竹雕、木雕、骨雕、牙雕、角雕、匏器,其中有先秦时期竹刻工艺的萌芽、明代竹刻艺术的空前繁荣、清代木雕艺术空前繁荣、秦汉时期牙雕艺术的起源、唐宋时期的华美牙雕品、明代犀角雕刻的繁荣景象、天地微缩的果核雕艺术等。
410  0 @12001 @a辉煌书画艺术
606 0  @a雕刻@Adiao ke@x介绍@y中国@z古代
690    @aJ321@v5
701  0 @a孙常福@Asun chang fu@4主编
801  0 @aCN@b山东中教@c20230926
905    @aBZT@dJ321@e4
    
    雕刻神工技艺/孙常福主编.-汕头:汕头大学出版社,2016
    122页:彩图;23cm.-(辉煌书画艺术)
    中华复兴之光
    
    ISBN 978-7-5658-2341-1:CNY32.00
    本书主要介绍我国的竹木骨牙角匏与工艺。包括竹雕、木雕、骨雕、牙雕、角雕、匏器,其中有先秦时期竹刻工艺的萌芽、明代竹刻艺术的空前繁荣、清代木雕艺术空前繁荣、秦汉时期牙雕艺术的起源、唐宋时期的华美牙雕品、明代犀角雕刻的繁荣景象、天地微缩的果核雕艺术等。
●
相关链接 在五车中查询图书 在当当中查询图书 在豆瓣中查询图书


正题名:雕刻神工技艺     索取号:J321/4         预约/预借

序号 登录号 条形码 馆藏地/架位号 状态 备注
1 2000950413   2000950413   第四书库/四35架B面1层6列/ [索取号:J321/4] 在馆    
2 2000950414   2000950414   第四书库/四35架B面1层6列/ [索取号:J321/4] 在馆    
3 2000950415   2000950415   第四书库/四35架B面1层6列/ [索取号:J321/4] 在馆    
4 2000950416   2000950416   第四书库/四35架B面1层6列/ [索取号:J321/4] 在馆    
5 2000950417   2000950417   第四书库/四35架B面1层6列/ [索取号:J321/4] 在馆    
6 2000950418   2000950418   第四书库/四35架B面1层6列/ [索取号:J321/4] 在馆    
山东省滨州职业学院图书馆 欢迎您!
大连网信软件有限公司© 版权所有